Belief and Law Imami Shism (Record no. 9885)

MARC details
000 -LEADER
fixed length control field 00546nam a2200229 a 4500
020 ## - INTERNATIONAL STANDARD BOOK NUMBER
ISBN 0860781
082 00 - DEWEY DECIMAL CLASSIFICATION NUMBER
Classification number 297.82
Author Cutter KOH
100 ## - MAIN ENTRY--AUTHOR NAME
Author name Kohlberg, Etan
245 ## - TITLE STATEMENT
Title Belief and Law Imami Shism
260 ## - PUBLICATION, DISTRIBUTION, ETC. (IMPRINT)
Place of publication Hampshire
Name of publisher Variorum
Year of publication 1991
300 ## - PHYSICAL DESCRIPTION
Number of Pages 160p
500 ## - GENERAL NOTE
General note includes index and biblioraphy
505 2# - FORMATTED CONTENTS NOTE
Formatted contents note Index
942 ## - ADDED ENTRY ELEMENTS (KOHA)
Koha item type Books
700 1# -
-- Kohlberg, Etan
Holdings
Collection code Home library Current library Date acquired Cost, normal purchase price Full call number Accession Number Koha item type
  Henry Martyn Institute Library Henry Martyn Institute Library 06/28/2007 3685.00 297.82 KOH 016730 Books
                   Copyright © 2026 | Henry Martyn Institute | Hyderabad | TS-500052 | INDIA | Implemented by hmi.edu.in
Hit-Count:

Powered by Koha